Entrada Personal Name
Número de registros utilizados en: 3
001 - CONTROL NUMBER
- control field: 12685
003 - CONTROL NUMBER IDENTIFIER
- control field: DLC
005 - DATE AND TIME OF LATEST TRANSACTION
- control field: 20220602092214.0
008 - FIXED-LENGTH DATA ELEMENTS
- fixed length control field: 001114n| azannaabn |a aaa
010 ## - LIBRARY OF CONGRESS CONTROL NUMBER
- LC control number: n 00102940
035 ## - SYSTEM CONTROL NUMBER
- System control number: (OCoLC)oca05357218
040 ## - CATALOGING SOURCE
- Original cataloging agency: DLC
- Language of cataloging: spa
- Description conventions: rda
- Transcribing agency: Mx-PuUPA
- Modifying agency: CSt
- Modifying agency: NmU
- Modifying agency: IEN
- Modifying agency: DLC
- Modifying agency: UPB
- Modifying agency: NNC
- Modifying agency: DLC
- Modifying agency: Mx-PuUPA
046 ## - SPECIAL CODED DATES
- Birth date: 19620818
100 1# - HEADING--PERSONAL NAME
- Personal name: Calderón Hinojosa, Felipe,
- Dates associated with a name: 1962-
370 ## - ASSOCIATED PLACE
- Place of birth: Morelia (Michoacán de Ocampo, México)
- Source of term: naf
372 ## - FIELD OF ACTIVITY
- Field of activity: México--Política y gobierno
- Source of term: lcsh
373 ## - ASSOCIATED GROUP
- Associated group: Partido Acción Nacional (México)
- Source of term: naf
374 ## - OCCUPATION
- Occupation: Presidente de México
- Start period: 2006
- End period: 2012
374 ## - OCCUPATION
- Occupation: Autor
375 ## - GENDER
- Gender: hombre
377 ## - ASSOCIATED LANGUAGE
- Language code: spa
378 ## - FULLER FORM OF PERSONAL NAME
- Fuller form of personal name: Felipe de Jesús
400 1# - SEE FROM TRACING--PERSONAL NAME
- Personal name: Hinojosa, Felipe Calderón,
- Dates associated with a name: 1962-
400 1# - SEE FROM TRACING--PERSONAL NAME
- Personal name: Calderón, Felipe,
- Dates associated with a name: 1962-
400 1# - SEE FROM TRACING--PERSONAL NAME
- Personal name: Calderón Hinojosa, Felipe de Jesús,
- Dates associated with a name: 1962-
510 1# - SEE ALSO FROM TRACING--CORPORATE NAME
- Control subfield: r
- Relationship information: Officiated corporate body:
- Corporate name or jurisdiction name as entry element: Mexico.
- Subordinate unit: President (2006-2012 : Calderón Hinojosa)
670 ## - SOURCE DATA FOUND
- Source citation: Voces de la transición, 1999:
- Information found: t.p. (Felipe Calderón Hinojosa) p. 9 (b. Morelia, Michoacán, Aug. 18, 1962, was the youngest president of the Partido Acción Nacional)
670 ## - SOURCE DATA FOUND
- Source citation: El presidente electo, 2007:
- Information found: p. 7 (Felipe Calderón)
670 ## - SOURCE DATA FOUND
- Source citation: Primer informe de Gobierno, 1 de septiembre de 2007, 2007:
- Information found: p. [xv] (Felipe de Jesús Calderón Hinojosa)
670 ## - SOURCE DATA FOUND
- Source citation: Wikipedia WWW site, Jan. 16, 2013:
- Information found: article page (Felipe de Jesús Calderón Hinojosa; born August 18, 1962; served as President of Mexico from December 1, 2006 to November 30, 2012)